000 00641nam a2200229Ia 4500
003 OSt
005 20221007063931.0
006 a|||||r|||| 00| 0
007 ta
008 221006b |||||||| |||| 00| 0 eng d
024 _a14,301
037 _cTextual
040 _aFLL
_cFLL
_beng
041 _2eng
_aeng
082 _aW61:2:Z:3, K1
100 _aGhose R. Au.
_9684974
245 0 _aTreaties and federal constitutions
_b Their mutual impact
260 _aCalcutta
_bWorld press private ltd. India
_c1961
300 _a342p
_ccm.
942 _hW61:2:Z:3, K1
_cTEXL
_2CC
999 _c1132591
_d1132591